000 00552nam a2200181Ia 4500
001 24011
005 20260414151015.0
008 260414t2008||||xx |||||||||||||| ||spa||
041 _aESP
082 _a750.9
_bE97
100 _aCentro Cultural Metropolitano de Quito
_eAUT
245 0 _aLa luz tras la sombra Ecuador - Perú :
_bexposición por los diez años de la suscripción de los acuerdos de paz de Brasilia 1998 - 2008
260 _c2008
300 _a46 páginas :
_c30 cm.
650 _aABD
654 _aCAU
942 _cLIB
_dJUS
_fJUS
_2ddc
_n
999 _c24011
_d24011